| 000 | 00514nam a2200181 a 4500 | ||
|---|---|---|---|
| 005 | 20140414132142.0 | ||
| 008 | 140201s19uu xx 00 eng d | ||
| 020 | _a978190755421 | ||
| 050 |
_aREF 608.7 _bHe34 2012 |
||
| 100 | _aHeatley, Michael | ||
| 245 | _aEverything you nedd to know about inventions. | ||
| 260 |
_aLondon, New York : _bAnova Books Company, _cc2012. |
||
| 300 | _a224 | ||
| 650 |
_aInventions- _xjuvenile literature |
||
| 650 | _aInventions- | ||
| 700 | _aSaller, Colin | ||
| 999 |
_c115364 _d115364 |
||